000 00796nam a2200265Ia 4500
003 OSt
005 20220924121029.0
006 a|||||r|||| 00| 0
007 ta
008 220923b |||||||| |||| 00| 0 san d
020 _a8186700897 (hbk)
020 _c550
024 _a240372
037 _b2007, 02/02/2009, Vidyanidhi Prakashan
_cTextual
040 _aARTS
_cARTS
_bsan
041 _2san
_asan
082 _aO15z7, P9
100 _aKumar Shashiprapha Ed.
_9184039
245 0 _aSanskritam sanskriti and sanskara
260 _aDelhi
_bVidyanidhi Prakashan India
_c2009
300 _axx,244p.
_ccm.
650 _aENGLISH LITERATURE
942 _hO15z7, P9
_cTEXL
_2CC
999 _c405506
_d405506